Meeting The Shadow: The Hidden Power Of The Dark Side Of Human Nature / (Record no. 616580)
[ view plain ]
| 000 -LEADER | |
|---|---|
| fixed length control field | 00402nam a22001337a 4500 |
| 020 ## - INTERNATIONAL STANDARD BOOK NUMBER | |
| Qualifying information | PB. |
| 040 ## - CATALOGING SOURCE | |
| Transcribing agency | Fizza Ishaq |
| 082 ## - DEWEY DECIMAL CLASSIFICATION NUMBER | |
| Classification number | 150.195 |
| Author Mark | JER |
| 100 ## - MAIN ENTRY--PERSONAL NAME | |
| Personal name | Zweig, Connie. |
| 9 (RLIN) | 133620 |
| 245 ## - TITLE STATEMENT | |
| Title | Meeting The Shadow: The Hidden Power Of The Dark Side Of Human Nature / |
| Statement of responsibility, etc. | Connie Zweig. |
| 260 ## - PUBLICATION, DISTRIBUTION, ETC. | |
| Place of publication, distribution, etc. | New York : |
| Name of publisher, distributor, etc. | Jeremy P. Tarcher Inc, |
| Date of publication, distribution, etc. | 1991. |
| 300 ## - PHYSICAL DESCRIPTION | |
| Extent | 333 p. ; |
| Dimensions | 9 x 6 x 1 inches |
| 942 ## - ADDED ENTRY ELEMENTS (KOHA) | |
| Source of classification or shelving scheme | |
| Koha item type | Book |
| Withdrawn status | Lost status | Source of classification or shelving scheme | Damaged status | Not for loan | Permanent Location | Current Location | Shelving location | Date acquired | Total Checkouts | Full call number | Barcode | Date last seen | Price effective from | Koha item type |
|---|---|---|---|---|---|---|---|---|---|---|---|---|---|---|
| NUST Baluchistan Campus (NBC) | NUST Baluchistan Campus (NBC) | General Stacks | 03/10/2026 | 150.195 JER | QD-463 | 03/10/2026 | 03/10/2026 | Book |
